Sound of Music 1965 Cast - Statistics

General Stats
  • This quiz has been taken 45 times
  • The average score is 5 of 13
Answer Stats
Hint Answer % Correct
Maria Julie Andrews
97%
Captain von Trapp Christopher Plummer
88%
Liesl Charmian Carr
62%
Brigitta Angela Cartwright
41%
Baroness Elsa Eleanor Parker
41%
Mother Abbess Peggy Wood
35%
Louisa Heather Menzies
32%
Gretl Kym Karath
29%
Friedrich Nicholas Hammond
29%
Rolfe Daniel Truhitte
21%
Marta Debbie Turner
21%
Kurt Duane Chase
18%
Max Detweiler Richard Haydn
18%
No matching quizzes found
Score Distribution
Percent of People with Each Score
Percentile by Number Answered
Your Score History
You have not taken this quiz